Investigation of the interview as a measuring tool for the environmental illiteracy in Greece

Αποθηκεύτηκε σε:
Λεπτομέρειες βιβλιογραφικής εγγραφής
Κύριος συγγραφέας: Μπαρώτα, Ιωάννα
Συγγραφή απο Οργανισμό/Αρχή: Πανεπιστήμιο Αιγαίου. Σχολή Περιβάλλοντος. Τμήμα Περιβάλλοντος
Άλλοι συγγραφείς: Τσαμπούκου-Σκαναβή, Κωνσταντίνα (dgsf), Γιαννακοπούλου, Χαρά (Ο εκπονών διατριβή)
Μορφή: Thesis Βιβλίο
Γλώσσα:English
Δημοσίευση: [2016].
Θέματα:
Διαθέσιμο Online:http://hdl.handle.net/11610/17873
Ετικέτες: Προσθήκη ετικέτας
Δεν υπάρχουν, Καταχωρήστε ετικέτα πρώτοι!

MARC

LEADER 00000cam a2200000 a 4500
001 1/114562
008 170728s2016####gr | ||| |||| ||eng||
040 |a GR-MyUa  |b gre  |c GR-MyUa  |e AACR2 
041 0 |a eng 
082 7 |a 363.70071  |2 (23) 
100 1 |a Μπαρώτα, Ιωάννα. 
245 1 0 |a Investigation of the interview as a measuring tool for the environmental illiteracy in Greece /   |c Joanna Barota, Hara Giannakopoulou, Constantina Skanavis.  
260 |c [2016].  
300 |a [χ. αρ.] ;   |c 30 εκ.  
502 |a Πτυχιακή εργασία – Πανεπιστήμιο Αιγαίου, Λέσβος, 2016. 
504 |a Περιλαμβάνει βιβλιογραφία.  
506 0 |a Ηλεκτρονική διάθεση στο πλήρες κείμενο - ελεύθερης πρόσβασης.  
540 |a Κλειδωμένη η δυνατότητα αντιγραφής (copy) από το ηλεκτρονικό τεκμήριο.  
650 0 |a Environmental literacy  |z Greece. 
650 0 |a Environmental education  |z Greece. 
650 0 |a High school students  |x Interviews. 
700 1 |a Τσαμπούκου-Σκαναβή, Κωνσταντίνα,  |e dgsf 
700 1 |a Γιαννακοπούλου, Χαρά,  |e dis 
710 2 |a Πανεπιστήμιο Αιγαίου.   |b Σχολή Περιβάλλοντος.   |b Τμήμα Περιβάλλοντος. 
852 |a INST  |b LESVOS  |c DIATR  |e 20170728  |h 1707  |p 005100059673  |q 005100059673  |t DIE  |y 23 
856 |u http://hdl.handle.net/11610/17873 
924 |a Μπαρώτα   |b Ιωάννα  |y Λέσβος  |z 2016-04 
924 |a Γιαννακοπούλου   |b Χαρά  |y Λέσβος  |z 2016-04 
970 |a Πατσή   |b Ανθίππη  |z 28-07-2017